000 00659nam a22002177a 4500
999 _c20341
_d20341
003 BDDh-ASL
005 20231015025857.0
008 201229s1970 e ||||| |||| 00| 0 eng d
040 _cBDDh-ASL
082 _a297.09
_bCAM
245 0 4 _aThe Cambridge History of Islam, Volume-1 /
260 _aLondon:
_bCambridge University Press,
_c1970.
300 _a815. p.:
_c24 cm.
504 _aInclude Bibliographical References and Index
650 0 _91652
_aIslam
650 0 _91349
_aHistory
700 1 _92652
_aHolt, P. M.
_cProfessor
700 1 _92653
_aLambton, Ann K. S.
_cProfessor
700 1 _92654
_aLewis, Bernard
_cProfessor
942 _2ddc
_cBK